|
|
|
|
| LEADER |
01380nam a2200361 i 4500 |
| 001 |
34429 |
| 003 |
BD-DhAAL |
| 005 |
20211129110501.0 |
| 008 |
190328t2018 nyu b 001 0 eng |
| 999 |
|
|
|c 40622
|d 40622
|
| 010 |
|
|
|a 2017032211
|
| 020 |
|
|
|a 9781472477798 (hardback)
|
| 020 |
|
|
|z 9781315549248 (ebook)
|
| 040 |
|
|
|a DLC
|b eng
|c DLC
|e rda
|d DLC
|d BD-DhAAL
|
| 042 |
|
|
|a pcc
|
| 050 |
0 |
0 |
|a HF5548.37
|b .K64 2018
|
| 082 |
0 |
0 |
|a 658.478
|2 23
|
| 100 |
1 |
|
|a Koehler, Thomas R.,
|d 1968-
|9 30757
|
| 245 |
1 |
0 |
|a Understanding cyber risk :
|b protecting your corporate assets /
|c Thomas R. Koehler.
|
| 260 |
|
|
|a Abingdon, Oxon ;
|a New York, NY :
|b Routledge, Taylor & Francis Group,
|c c2018.
|
| 300 |
|
|
|a x, 141 pages ;
|c 24 cm.
|
| 490 |
0 |
|
|a A Gower book
|
| 504 |
|
|
|a Includes bibliographical references and index.
|
| 526 |
|
|
|a BBS
|
| 541 |
|
|
|a Parama
|e 34429
|
| 650 |
|
0 |
|a Data protection.
|9 30758
|
| 650 |
|
0 |
|a Business intelligence.
|9 30759
|
| 650 |
|
0 |
|a Business enterprises
|x Computer networks
|x Security measures.
|9 30760
|
| 650 |
|
0 |
|a Computer crimes
|x Prevention.
|9 30761
|
| 650 |
|
0 |
|a Business & finance.
|9 43341
|
| 852 |
|
|
|a Ayesha Abed Library
|c General Stacks
|
| 942 |
|
|
|2 ddc
|c BK
|
| 952 |
|
|
|0 0
|1 0
|2 ddc
|4 0
|6 658_478000000000000_KOE
|7 0
|9 65187
|a BRACUL
|b BRACUL
|c GEN
|d 2019-02-26
|e Parama
|g 3550.00
|l 1
|m 12
|o 658.478 KOE
|p 3010034429
|r 2024-09-02
|s 2024-05-13
|t 1
|v 3550.00
|w 2019-02-26
|y BK
|